000 01597nam a2200385 a 4500
001 ebr10470866
003 CaPaEBR
006 m u
007 cr cn|||||||||
008 110429s2011 enkad sb 001 0 eng d
010 _z 2011013273
020 _z9781409401650 (hardback : alk. paper)
020 _z9781409401667 (e-book)
040 _aCaPaEBR
_cCaPaEBR
035 _a(OCoLC)732959039
050 1 4 _aTL553.5
_b.S7429 2011eb
082 0 4 _a387.7068/3
_222
100 1 _aStolzer, Alan J.,
_d1960-
245 1 0 _aImplementing safety management systems in aviation
_h[electronic resource] /
_cedited by Alan J. Stolzer, Carl D. Halford, and John J. Goglia.
260 _aSurrey, England ;
_aBurlington, Vt. :
_bAshgate,
_cc2011.
300 _ali, 411 p. :
_bill.
490 1 _aAshgate studies in human factors for flight operations
504 _aIncludes bibliographical references and index.
533 _aElectronic reproduction.
_bPalo Alto, Calif. :
_cebrary,
_d2013.
_nAvailable via World Wide Web.
_nAccess may be limited to ebrary affiliated libraries.
650 0 _aAeronautics
_xSafety measures.
650 0 _aAeronautics
_xSafety regulations.
650 0 _aSystem safety.
650 0 _aSafety education.
655 7 _aElectronic books.
_2local
700 1 _aHalford, Carl D.,
_d1950-
700 1 _aGoglia, John Joseph,
_d1944-
710 2 _aebrary, Inc.
830 0 _aAshgate studies in human factors for flight operations.
856 4 0 _uhttp://site.ebrary.com/lib/rucke/Doc?id=10470866
_zAn electronic book accessible through the World Wide Web; click to view
999 _c215029
_d215029